000 00903nam a2200277 i 4500
003 EG-GICUC
005 20260322145256.0
008 260322s1968 ua ||||fr|||| 00| 0 fre d
040 _aEG-GiCUC
_bfre
_cEG-GiCUC
_dEG-GiCUC
_eRda
082 0 4 _221
_a341.77
_bZL . D
092 0 4 _221
099 _aLaw1 11 341.77 ZL . D 1968
100 1 _aZlataric,Bogan
_eAuteur
245 _aDroit Pénal International /
_cBogan Zlataric .
264 1 _aLe Caire :
_bOrganisme Général Des Livres Iniversitaires ,
_c1968 .
300 _a141 page ;
_c24 cm.
336 _2rda contenu
_a texte
337 _2rda medias
_aOrdinateur
338 _2 transporteur rda
_a Ressource en ligne
546 _aTexte en français
650 _aDroit International Public
650 _aDroit Pénal International
856 4 0 _uhttps://fll.law.cu.edu.eg/fulltext/bks/B11-05849.pdf
905 _a59
942 _2ddc
_n0
_cBK
_e21
999 _c66493
_d66493